000 00414nam a2200169Ia 4500
008 151213s9999 xx 000 0 und d
020 _a0-07-463311-2
100 _aE.Balagrushamy
245 _aNumerical Methods
_cE.Balagrushamy
250 _a3rd
260 _aNew Delhi
_bTata MC Graw Hill
_c1999
300 _a7523 p.
650 _aComputer
650 _aComputer
700 _aE.Balagrushamy
999 _c3991
_d3991